[Event "XXIII Festival Conca della Presolana A"]
[Site "Bratto - Castione della Presolana ITA"]
[Date "2003.08.22"]
[Round "2"]
[White "Bertagnolli, Gerhard"]
[Black "Gosio, Denis"]
[Result "1/2-1/2"]
[WhiteElo "1870"]
[BlackElo "2160"]
[PlyCount "93"]
[EventDate "2003.08.21"]

1.d4 Nf6 2.Nf3 e6 3.Bf4 d5 4.e3 Bd6 5.Bg5 Be7 6.Bd3 b6 7.Qe2 Bb7 8.c3 Nbd7
9.O-O O-O 10.Nbd2 c5 11.a4 a6 12.Rfe1 Ne4 13.Bxe7 Qxe7 14.Ne5 Nxe5 15.dxe5
Nxd2 16.Qxd2 Qc7 17.f4 f6 18.exf6 Rxf6 19.Re2 e5 20.Rf1 Raf8 21.Ref2 e4 
22.Bc2 Rd8 23.Rd1 Rfd6 24.Bb3 Kh8 25.Qc1 Qe7 26.Rfd2 Qf6 27.Qc2 g6 28.g3 
Kg7 29.Ba2 R8d7 30.Bb3 Ba8 31.Kf1 Bb7 32.Kg1 a5 33.Qc1 Ba8 34.Qc2 d4 35.
cxd4 cxd4 36.Rxd4 Rxd4 37.Rxd4 Rxd4 38.exd4 Qxd4+ 39.Kf1 Kh6 40.Qc3 Qd6 
41.Bc2 Bb7 42.Kf2 Qd5 43.Ke3 Qh5 44.Bxe4 Bxe4 45.Kxe4 Qxh2 46.Kd5 Qg2+ 47.
Kd6 1/2-1/2

[Event "XXIII Festival Conca della Presolana A"]
[Site "Bratto - Castione della Presolana ITA"]
[Date "2003.08.22"]
[Round "2"]
[White "Bresciani, Nicola"]
[Black "Lalic, Bogdan"]
[Result "1/2-1/2"]
[WhiteElo "2285"]
[BlackElo "2503"]
[PlyCount "52"]
[EventDate "2003.08.21"]

1.e4 d6 2.d4 Nf6 3.Nc3 g6 4.h3 Bg7 5.Nf3 O-O 6.Be3 c6 7.a4 Qc7 8.a5 d5 9.
Bd3 dxe4 10.Nxe4 Nxe4 11.Bxe4 Nd7 12.O-O e5 13.dxe5 Nxe5 14.Bf4 Rd8 15.Qe2
Nxf3+ 16.Qxf3 Be5 17.Bxe5 Qxe5 18.b3 a6 19.Rfe1 Qg5 20.Qe3 Qxe3 21.Rxe3 
Be6 22.Rd3 Re8 23.Ra4 Re7 24.Rd6 Rae8 25.f3 Bc8 26.Rad4 Re5 1/2-1/2

[Event "XXIII Festival Conca della Presolana A"]
[Site "Bratto - Castione della Presolana ITA"]
[Date "2003.08.22"]
[Round "2"]
[White "Capitelli, Paolo"]
[Black "Bottino, Alexiei"]
[Result "1-0"]
[WhiteElo "2128"]
[BlackElo "2071"]
[PlyCount "71"]
[EventDate "2003.08.21"]

1.e4 c5 2.Nf3 Nc6 3.d4 cxd4 4.Nxd4 Qb6 5.Nb3 Nf6 6.Nc3 e6 7.Be3 Qc7 8.a3 
a6 9.Be2 b5 10.f4 d6 11.O-O Bb7 12.Bf3 Be7 13.Qe2 h5 14.Rad1 g5 15.fxg5 
Ng4 16.Bxg4 hxg4 17.g6 O-O-O 18.gxf7 Ne5 19.Nd4 Qd7 20.Nb3 Qc7 21.Bd4 Rdf8
22.Bxe5 dxe5 23.Qxg4 Qb6+ 24.Kh1 Rh4 25.Qg6 Kb8 26.h3 Qc7 27.Rf3 a5 28.
Qxe6 Bc8 29.Qd5 b4 30.axb4 axb4 31.Qb5+ Bb7 32.Rd7 Qc6 33.Qxc6 Bxc6 34.
Rxe7 bxc3 35.Rxc3 Ba4 36.Rc4 1-0

[Event "XXIII Festival Conca della Presolana A"]
[Site "Bratto - Castione della Presolana ITA"]
[Date "2003.08.22"]
[Round "2"]
[White "Capone, Vincenzo"]
[Black "Galli, Fabio"]
[Result "1-0"]
[WhiteElo "2133"]
[BlackElo "2086"]
[PlyCount "73"]
[EventDate "2003.08.21"]

1.e4 e6 2.d4 d5 3.Nd2 Nf6 4.e5 Nfd7 5.Bd3 c5 6.c3 Nc6 7.Ne2 Qb6 8.Nf3 Be7 
9.O-O Nf8 10.Nf4 g6 11.dxc5 Bxc5 12.b4 Be7 13.Be3 Qc7 14.c4 dxc4 15.Bxc4 
Bxb4 16.Nd3 Be7 17.Rc1 Nd7 18.Bb3 Qa5 19.Re1 Qd8 20.a4 Nb6 21.Qd2 Nd5 22.
Bc5 O-O 23.Qh6 f6 24.exf6 Nxf6 25.Nde5 Nxe5 26.Nxe5 Bxc5 27.Rxc5 Qe7 28.
Rec1 Qg7 29.Qe3 Nd5 30.Qd4 b6 31.Rxd5 exd5 32.Bxd5+ Be6 33.Bxe6+ Kh8 34.
Rc7 Rad8 35.Nf7+ Rxf7 36.Qxd8+ Rf8 37.Qxf8+ 1-0

[Event "XXIII Festival Conca della Presolana A"]
[Site "Bratto - Castione della Presolana ITA"]
[Date "2003.08.22"]
[Round "2"]
[White "Caruso, Augusto"]
[Black "Temi, Walter"]
[Result "1/2-1/2"]
[WhiteElo "2247"]
[BlackElo "2064"]
[PlyCount "46"]
[EventDate "2003.08.21"]

1.e4 b6 2.d4 e6 3.Bd3 Bb7 4.Nf3 c5 5.d5 exd5 6.exd5 Bxd5 7.O-O Nf6 8.Nc3 
Be6 9.Bf4 a6 10.Qe2 Be7 11.Ne4 d5 12.Rad1 dxe4 13.Bxe4 Nbd7 14.Bxa8 Qxa8 
15.Ng5 Nf8 16.Be5 h6 17.Bxf6 gxf6 18.Ne4 Ng6 19.f4 f5 20.Ng3 b5 21.Qd2 h5 
22.Rde1 h4 23.Ne4 Rg8 1/2-1/2

[Event "XXIII Festival Conca della Presolana A"]
[Site "Bratto - Castione della Presolana ITA"]
[Date "2003.08.22"]
[Round "2"]
[White "Castaldo, Folco"]
[Black "Godena, Michele"]
[Result "1/2-1/2"]
[WhiteElo "2322"]
[BlackElo "2517"]
[PlyCount "24"]
[EventDate "2003.08.21"]

1.Nf3 d5 2.d4 Nf6 3.c4 e6 4.Nc3 c6 5.Bg5 h6 6.Bh4 Nbd7 7.e3 Be7 8.Qc2 a6 
9.a3 O-O 10.Rd1 b6 11.Bd3 Bb7 12.O-O Rc8 1/2-1/2

[Event "XXIII Festival Conca della Presolana A"]
[Site "Bratto - Castione della Presolana ITA"]
[Date "2003.08.22"]
[Round "2"]
[White "Castelfranchi, Carlo"]
[Black "Volpinari, Danilo"]
[Result "1-0"]
[WhiteElo "2165"]
[BlackElo "2050"]
[PlyCount "139"]
[EventDate "2003.08.21"]

1.d4 Nf6 2.c4 c5 3.d5 e6 4.Nc3 exd5 5.cxd5 g6 6.e4 d6 7.f4 a6 8.e5 dxe5 9.
fxe5 Ng4 10.e6 Qh4+ 11.g3 Qh5 12.Be2 f5 13.Ne4 fxe4 14.Bxg4 Qe5 15.e7 Bxg4
16.exf8=Q+ Rxf8 17.Qxg4 Qxd5 18.Bh6 Rf5 19.Rd1 Qe6 20.Bf4 Nc6 21.Nh3 h5 
22.Ng5 Qe7 23.Qe2 Nd4 24.Rxd4 cxd4 25.Qxe4 Qxe4+ 26.Nxe4 Kd7 27.Kd2 Rb5 
28.b3 a5 29.Rc1 Ke6 30.Kd3 a4 31.Kxd4 axb3 32.axb3 Rb4+ 33.Rc4 Rd8+ 34.Kc3
Rb5 35.Rc5 Rxc5+ 36.Nxc5+ Kd5 37.Nxb7 Rc8+ 38.Kd3 Ra8 39.Nd6 g5 40.Nc4 Ra2
41.Bxg5 Rxh2 42.Ne3+ Kc5 43.Be7+ Kb5 44.Nc2 Rg2 45.Nd4+ Kb6 46.Ne2 Kb5 47.
Ke3 Rh2 48.Kf3 Rh1 49.Bh4 Kb4 50.Nf4 Kxb3 51.Nxh5 Kc4 52.Nf4 Kc5 53.Be7+ 
Kc6 54.g4 Kd7 55.Bc5 Rc1 56.Be3 Rc8 57.Ke4 Re8+ 58.Kf3 Ke7 59.g5 Rg8 60.
Kg4 Kf7 61.Kf5 Rb8 62.Bd4 Rb5+ 63.Be5 Rb6 64.g6+ Kg8 65.Bf6 Rb5+ 66.Kg4 
Rb6 67.Kg5 Rb5+ 68.Kh6 Rb6 69.Nd5 Re6 70.Ne7+ 1-0

[Event "XXIII Festival Conca della Presolana A"]
[Site "Bratto - Castione della Presolana ITA"]
[Date "2003.08.22"]
[Round "2"]
[White "Cazzaniga, Walter"]
[Black "Vigile, Matteo"]
[Result "1-0"]
[WhiteElo "2130"]
[BlackElo "2080"]
[PlyCount "99"]
[EventDate "2003.08.21"]

1.d4 Nf6 2.c4 c5 3.d5 b5 4.cxb5 a6 5.bxa6 Bxa6 6.Nc3 g6 7.Nf3 d6 8.g3 Bg7 
9.Bg2 Nbd7 10.O-O O-O 11.Qc2 Ra7 12.Rd1 Qa8 13.Rb1 Bc4 14.a3 Bxd5 15.Nxd5 
Nxd5 16.Ng5 N7b6 17.e4 Nc7 18.e5 Qd8 19.Bf4 Nc8 20.b4 h6 21.exd6 exd6 22.
Ne4 cxb4 23.axb4 Nb5 24.Qd3 g5 25.Be3 Rb7 26.Nf6+ Qxf6 27.Bxb7 Nc3 28.Bg2 
Nxd1 29.Rxd1 Qb2 30.Rb1 Qc3 31.Qxc3 Bxc3 32.b5 Ne7 33.b6 d5 34.b7 Nc6 35.
Bxd5 Nb8 36.Rc1 Be5 37.Rc8 Kg7 38.f4 gxf4 39.Bxf4 Bxf4 40.gxf4 f6 41.Kf2 
Na6 42.Ke3 Nb8 43.Kd4 Nd7 44.Bc6 Nb8 45.Bb5 Kf7 46.Kc5 Ke7 47.Kb6 Rd8 48.
Ka7 Rd5 49.Rxb8 Rxb5 50.Rh8 1-0

[Event "XXIII Festival Conca della Presolana A"]
[Site "Bratto - Castione della Presolana ITA"]
[Date "2003.08.22"]
[Round "2"]
[White "Cebalo, Miso"]
[Black "Vancini, Edoardo"]
[Result "1-0"]
[WhiteElo "2510"]
[BlackElo "2284"]
[PlyCount "59"]
[EventDate "2003.08.21"]

1.d4 e6 2.c4 f5 3.g3 Nf6 4.Bg2 c6 5.b3 d5 6.Nh3 Bd6 7.O-O O-O 8.Bf4 Be7 9.
Qc2 Na6 10.Nd2 h6 11.Rad1 g5 12.Be5 Ng4 13.e3 Nb4 14.Qb1 Qa5 15.a4 Nxe5 
16.dxe5 Bc5 17.Rfe1 Bd7 18.e4 fxe4 19.Nxe4 dxe4 20.Rxd7 Nd3 21.Rxe4 Nxf2 
22.Nxf2 Rxf2 23.Kh1 Rd8 24.Rf4 Rxd7 25.Qg6+ Kh8 26.Qe8+ Kg7 27.Qxd7+ Kh8 
28.Qe8+ Kg7 29.Qf7+ Kh8 30.Qf6+ 1-0

[Event "XXIII Festival Conca della Presolana A"]
[Site "Bratto - Castione della Presolana ITA"]
[Date "2003.08.22"]
[Round "2"]
[White "Contin, Daniel"]
[Black "Bonazzi, Edoardo"]
[Result "1-0"]
[WhiteElo "2356"]
[BlackElo "2130"]
[PlyCount "49"]
[EventDate "2003.08.21"]

1.Nf3 Nf6 2.c4 e6 3.g3 d5 4.b3 Be7 5.Bg2 O-O 6.O-O c5 7.e3 Nc6 8.Qe2 b6 9.
Bb2 Bb7 10.Rd1 Rc8 11.cxd5 exd5 12.d4 Qc7 13.Nc3 Rfd8 14.Rac1 Qb8 15.Bh3 
Rc7 16.dxc5 bxc5 17.Na4 Bc8 18.Bxc8 Qxc8 19.Bxf6 Bxf6 20.Nxc5 Nb4 21.Nd3 
a5 22.Rxc7 Qxc7 23.Nxb4 axb4 24.Qb5 Qc2 25.Rxd5 1-0

[Event "XXIII Festival Conca della Presolana A"]
[Site "Bratto - Castione della Presolana ITA"]
[Date "2003.08.22"]
[Round "2"]
[White "Contini, Gabriele"]
[Black "Agnelli, Francesco"]
[Result "0-1"]
[WhiteElo "1969"]
[BlackElo "2102"]
[PlyCount "82"]
[EventDate "2003.08.21"]

1.d4 Nf6 2.Bg5 Ne4 3.Bh4 c5 4.Nd2 Qa5 5.c3 Nxd2 6.Qxd2 cxd4 7.cxd4 Qb6 8.
Nf3 g6 9.Rc1 Na6 10.e3 d6 11.a3 Bg7 12.b4 h6 13.Bd3 Bg4 14.O-O g5 15.Bg3 
Nc7 16.a4 Nd5 17.Bb5+ Kf8 18.Rb1 Bf5 19.Rb3 Rc8 20.Bd3 Be6 21.a5 Qc7 22.
Rbb1 f5 23.Rfc1 Qd7 24.Rxc8+ Qxc8 25.Rc1 Qd7 26.Bc4 Nf6 27.d5 Bf7 28.Qa2 
Ne4 29.Bb3 Bf6 30.Ba4 Qd8 31.Nd2 Nc3 32.Rxc3 Bxc3 33.Nf3 Qc8 34.Qc2 Qc4 
35.Nd4 f4 36.Ne2 fxg3 37.Nxc3 gxf2+ 38.Kxf2 Kg7 39.Qb2 Rf8 40.Kg1 Bg6 41.
Bb5 Rf1# 0-1

[Event "XXIII Festival Conca della Presolana A"]
[Site "Bratto - Castione della Presolana ITA"]
[Date "2003.08.22"]
[Round "2"]
[White "De Vita, Igor"]
[Black "Pedemonte, Claudio"]
[Result "1-0"]
[WhiteElo "2158"]
[BlackElo "1974"]
[PlyCount "44"]
[EventDate "2003.08.21"]

1.d4 Nf6 2.c4 e6 3.Nf3 b6 4.a3 Bb7 5.Nc3 d5 6.cxd5 Nxd5 7.Qc2 Nxc3 8.bxc3 
Nd7 9.e4 c5 10.Bd3 Rc8 11.Qe2 Qc7 12.O-O Nf6 13.Bb5+ Nd7 14.Ne5 Rd8 15.Qf3
f6 16.Qh5+ g6 17.Nxg6 hxg6 18.Qxh8 Bxe4 19.Qxf6 Bf5 20.Bg5 Rc8 21.g4 a6 
22.gxf5 Qd6 1-0

[Event "XXIII Festival Conca della Presolana A"]
[Site "Bratto - Castione della Presolana ITA"]
[Date "2003.08.22"]
[Round "2"]
[White "Del Dotto, Riccardo"]
[Black "Sedina, Elena"]
[Result "0-1"]
[WhiteElo "2151"]
[BlackElo "2390"]
[PlyCount "82"]
[EventDate "2003.08.21"]

1.e4 e6 2.d3 c5 3.g3 Nc6 4.Bg2 g6 5.Nc3 Bg7 6.Be3 d6 7.Qd2 Rb8 8.Nge2 Nd4 
9.Nd1 b6 10.O-O Bb7 11.Nf4 Ne7 12.c3 e5 13.Nh3 Ne6 14.c4 O-O 15.Nc3 Qd7 
16.f4 f5 17.Rae1 Nd4 18.Nd5 fxe4 19.dxe4 Ba6 20.b3 b5 21.Qa5 Nxd5 22.cxd5 
Qb7 23.Qd2 b4 24.Rf2 Rbe8 25.Bf1 exf4 26.Bxf4 Nb5 27.Kg2 Bc3 28.Qd1 Bxe1 
29.Qxe1 Nc3 30.Bxd6 Bxf1+ 31.Qxf1 Rxf2+ 32.Nxf2 Nxe4 33.Nxe4 Qxd5 34.Bxc5 
Qxe4+ 35.Kg1 Qe1 36.Bxa7 Qxf1+ 37.Kxf1 Ra8 38.Bc5 Rxa2 39.Bxb4 Rxh2 40.Bd6
Rb2 41.b4 Kf7 0-1

[Event "XXIII Festival Conca della Presolana A"]
[Site "Bratto - Castione della Presolana ITA"]
[Date "2003.08.22"]
[Round "2"]
[White "Dervishi, Erald"]
[Black "Friedrich, Norbert"]
[Result "1-0"]
[WhiteElo "2495"]
[BlackElo "2252"]
[PlyCount "87"]
[EventDate "2003.08.21"]

1.e4 c5 2.Nf3 Nc6 3.d4 cxd4 4.Nxd4 Nf6 5.Nc3 e5 6.Ndb5 d6 7.Bg5 a6 8.Na3 
b5 9.Nd5 Be7 10.Bxf6 Bxf6 11.c3 O-O 12.Nc2 Bg5 13.Be2 Ne7 14.Ncb4 Be6 15.
Qd3 a5 16.Nxe7+ Qxe7 17.Nd5 Qa7 18.O-O Rfc8 19.Rfd1 Rc5 20.Qg3 Bh6 21.Nf6+
Kh8 22.Ng4 Bf4 23.Qh4 Qc7 24.g3 Bxg4 25.Qxg4 Bh6 26.h4 Rf8 27.Qf3 Kg8 28.
a3 Rd8 29.Rd3 b4 30.axb4 axb4 31.cxb4 Rc2 32.Rc3 Rxc3 33.bxc3 Bd2 34.Ra3 
Rc8 35.Ba6 Ra8 36.Qd3 Bc1 37.Ra2 Qb6 38.Qd5 Ra7 39.Bc4 g6 40.Kg2 Kg7 41.
Rxa7 Qxa7 42.Qxd6 f6 43.b5 Ba3 44.b6 1-0

[Event "XXIII Festival Conca della Presolana A"]
[Site "Bratto - Castione della Presolana ITA"]
[Date "2003.08.22"]
[Round "2"]
[White "Dittmar, Peter"]
[Black "Piantoni, Roberto"]
[Result "1-0"]
[WhiteElo "2349"]
[BlackElo "2157"]
[PlyCount "93"]
[EventDate "2003.08.21"]

1.Nf3 d5 2.c4 e6 3.e3 Nf6 4.b3 c5 5.Bb2 Nc6 6.cxd5 exd5 7.Bb5 Be7 8.O-O 
O-O 9.d4 Ne4 10.dxc5 Bxc5 11.Nc3 Nxc3 12.Bxc3 Qb6 13.Bxc6 bxc6 14.Qd3 a5 
15.Rfc1 Re8 16.Bd4 Bxd4 17.Qxd4 Ra6 18.Qxb6 Rxb6 19.Rc5 Ra6 20.Nd4 Bd7 21.
Rac1 Rc8 22.Ne2 Kf8 23.Nc3 Re8 24.h3 h6 25.Na4 Rd8 26.R5c3 Be8 27.Rd1 Rb8 
28.Nc5 Ra7 29.Rdc1 Rd8 30.R3c2 Rb8 31.Rd2 Re7 32.g3 Rb6 33.Kg2 Rb8 34.Rd4 
f5 35.Rf4 g6 36.g4 Rb4 37.Rxb4 axb4 38.gxf5 gxf5 39.Kg3 Ra7 40.Rc2 Ke7 41.
Kf4 Kf6 42.Nd3 Rb7 43.Rc5 Rb6 44.Ra5 Rb7 45.Ra8 Bf7 46.Rc8 Rb6 47.Ne5 1-0

[Event "XXIII Festival Conca della Presolana A"]
[Site "Bratto - Castione della Presolana ITA"]
[Date "2003.08.22"]
[Round "2"]
[White "Drazic, Sinisa"]
[Black "Sbarra, Marco"]
[Result "1/2-1/2"]
[WhiteElo "2463"]
[BlackElo "2207"]
[PlyCount "73"]
[EventDate "2003.08.21"]

1.e4 e5 2.Nf3 Nc6 3.Nc3 Nf6 4.g3 d5 5.exd5 Nxd5 6.Bg2 Be6 7.O-O Be7 8.Re1 
Bf6 9.Ne4 O-O 10.Nxf6+ Qxf6 11.d3 Rfe8 12.a3 h6 13.h3 Rad8 14.Bd2 Bf5 15.
Nh2 Qd6 16.Nf1 Bg6 17.Ne3 Nb6 18.Bc3 f5 19.a4 f4 20.Nf1 Nd5 21.Qg4 Kh7 22.
Nd2 Nf6 23.Qh4 fxg3 24.Qxg3 Nh5 25.Qh4 Nf4 26.Nc4 Nxg2 27.Kxg2 Qd5+ 28.Kg1
e4 29.Ne3 Qf7 30.dxe4 Rxe4 31.Qg3 Rf4 32.Rad1 Rf8 33.Rd2 Rf3 34.Qh4 Rf4 
35.Qg3 Rf3 36.Qh4 Rf4 37.Qg3 1/2-1/2

[Event "XXIII Festival Conca della Presolana A"]
[Site "Bratto - Castione della Presolana ITA"]
[Date "2003.08.22"]
[Round "2"]
[White "Frilli, Guido"]
[Black "Lanzani, Mario"]
[Result "0-1"]
[WhiteElo "2071"]
[BlackElo "2355"]
[PlyCount "72"]
[EventDate "2003.08.21"]

1.e4 c6 2.d4 d5 3.Nc3 dxe4 4.Nxe4 Nf6 5.Nxf6+ exf6 6.Nf3 Bd6 7.Be2 O-O 8.
O-O Re8 9.b3 Nd7 10.c4 Nf8 11.Re1 Ng6 12.g3 Bg4 13.Bb2 Qd7 14.Qd3 Bb4 15.
Bc3 Bxc3 16.Qxc3 Qf5 17.Kg2 Rad8 18.Rad1 Qh5 19.Rd3 f5 20.Bd1 f4 21.Ng1 
fxg3 22.hxg3 Bxd1 23.Rdxd1 Qg4 24.f3 Qg5 25.Nh3 Qf6 26.Rxe8+ Rxe8 27.Qd3 
h5 28.Qd2 h4 29.g4 Qd6 30.Qf2 Nf4+ 31.Nxf4 Qxf4 32.Rd2 Re3 33.Qxh4 Qxf3+ 
34.Kh2 Qf4+ 35.Kg2 g5 36.Rf2 Qe4+ 0-1

[Event "XXIII Festival Conca della Presolana A"]
[Site "Bratto - Castione della Presolana ITA"]
[Date "2003.08.22"]
[Round "2"]
[White "Garrapa, Gianluigi"]
[Black "Vinzoni, Andrea"]
[Result "1/2-1/2"]
[WhiteElo "1909"]
[BlackElo "2100"]
[PlyCount "49"]
[EventDate "2003.08.21"]

1.e4 c6 2.d4 d5 3.Nc3 dxe4 4.Nxe4 Nf6 5.Nxf6+ exf6 6.Bc4 Bd6 7.Qe2+ Qe7 8.
Qxe7+ Kxe7 9.Bd2 Re8 10.O-O-O Kf8 11.Bd3 Kg8 12.Nf3 Be6 13.Rhe1 Nd7 14.c4 
Rad8 15.Kb1 Nf8 16.g3 Bg4 17.Rxe8 Rxe8 18.Re1 Rd8 19.Re3 Ne6 20.d5 Bc5 21.
dxe6 Bxe3 22.e7 Re8 23.Bxe3 Bxf3 24.Bc5 g6 25.b4 1/2-1/2

[Event "XXIII Festival Conca della Presolana A"]
[Site "Bratto - Castione della Presolana ITA"]
[Date "2003.08.22"]
[Round "2"]
[White "Horvath, Csaba"]
[Black "Manzoni, Alessandro"]
[Result "1-0"]
[WhiteElo "2513"]
[BlackElo "2034"]
[PlyCount "57"]
[EventDate "2003.08.21"]

1.Nf3 d5 2.c4 c6 3.e3 Nf6 4.Nc3 e6 5.b3 Nbd7 6.Qc2 Bd6 7.Bb2 Qe7 8.Be2 a6 
9.Rg1 h5 10.h3 Rg8 11.d4 b5 12.Bd3 Bb7 13.c5 Bc7 14.O-O-O O-O-O 15.b4 e5 
16.e4 dxe4 17.Bxe4 Nxe4 18.Nxe4 exd4 19.Rge1 Kb8 20.Bxd4 Qe6 21.Nf6 Bf4+ 
22.Kb1 Qc4 23.Qxc4 bxc4 24.Nxg8 Rxg8 25.Re7 Bc8 26.Rxf7 Bh6 27.Be5+ Nxe5 
28.Nxe5 Be6 29.Nxc6+ 1-0

[Event "XXIII Festival Conca della Presolana A"]
[Site "Bratto - Castione della Presolana ITA"]
[Date "2003.08.22"]
[Round "2"]
[White "Lanzani, Giuliano"]
[Black "De Santis, Alessio"]
[Result "1/2-1/2"]
[WhiteElo "2092"]
[BlackElo "2289"]
[PlyCount "30"]
[EventDate "2003.08.21"]

1.e4 c5 2.Nc3 e6 3.g3 Nc6 4.Bg2 h5 5.d3 h4 6.Be3 a6 7.g4 b5 8.Qd2 Bb7 9.h3
b4 10.Nce2 e5 11.f4 d6 12.Nf3 Be7 13.c3 a5 14.f5 Nf6 15.c4 Nh7 1/2-1/2

[Event "XXIII Festival Conca della Presolana A"]
[Site "Bratto - Castione della Presolana ITA"]
[Date "2003.08.22"]
[Round "2"]
[White "Lapiccirella, Daniele"]
[Black "Cavatorta, Fosco"]
[Result "1-0"]
[WhiteElo "2087"]
[BlackElo "2152"]
[PlyCount "69"]
[EventDate "2003.08.21"]

1.d4 d6 2.c4 g6 3.Nc3 Bg7 4.e4 e5 5.d5 Nd7 6.Be3 Ne7 7.f3 f5 8.Qd2 f4 9.
Bf2 O-O 10.O-O-O g5 11.Kb1 Nf6 12.Nge2 Ng6 13.Nc1 h5 14.h3 g4 15.hxg4 hxg4
16.c5 g3 17.Bg1 Rf7 18.Nb3 Bf8 19.Rc1 dxc5 20.Nxc5 c6 21.Bc4 b6 22.Nd3 
cxd5 23.Nxd5 Kg7 24.Nxb6 axb6 25.Bxf7 Kxf7 26.Nxe5+ Ke8 27.Qxd8+ Kxd8 28.
Nxg6 Bg7 29.Bxb6+ Ke8 30.Nxf4 Nd7 31.Ne6 Kf7 32.Nxg7 Nxb6 33.Nf5 Be6 34.b3
Rb8 35.Nd4 1-0

[Event "XXIII Festival Conca della Presolana A"]
[Site "Bratto - Castione della Presolana ITA"]
[Date "2003.08.22"]
[Round "2"]
[White "Lapiccirella, Mattia"]
[Black "Borroni, Enrico"]
[Result "1/2-1/2"]
[WhiteElo "2187"]
[BlackElo "1908"]
[PlyCount "89"]
[EventDate "2003.08.21"]

1.d4 d5 2.c4 c6 3.Nf3 Nf6 4.Nc3 e6 5.e3 Nbd7 6.Qc2 Bd6 7.b3 O-O 8.Be2 Qe7 
9.O-O Re8 10.Rd1 b6 11.e4 dxe4 12.Nxe4 Nxe4 13.Qxe4 Bb7 14.Bf4 Bxf4 15.
Qxf4 c5 16.Qc7 Rab8 17.dxc5 Nxc5 18.Qxe7 Rxe7 19.Ne5 f6 20.Nd3 Nxd3 21.
Rxd3 Kf7 22.Rad1 Rc8 23.Rd6 Rc6 24.Rd8 Rc8 25.R8d2 Rcc7 26.Bd3 g6 27.f3 
Rc8 28.Bb1 Rcc7 29.Kf2 Rc8 30.Ke3 Rcc7 31.a3 Rc5 32.Ba2 Re5+ 33.Kf2 Rc5 
34.Rd8 Rc8 35.R8d6 Rc6 36.R6d2 Rc5 37.Rd8 Rc8 38.Ke3 Rxd8 39.Rxd8 Rc7 40.
b4 Ke7 41.Rh8 Kd6 42.f4 e5 43.Rd8+ Ke7 44.Rh8 Kd6 45.Rd8+ 1/2-1/2

[Event "XXIII Festival Conca della Presolana A"]
[Site "Bratto - Castione della Presolana ITA"]
[Date "2003.08.22"]
[Round "2"]
[White "Leoni, Fabrizio"]
[Black "Paoli, Enrico"]
[Result "1/2-1/2"]
[WhiteElo "2102"]
[BlackElo "1950"]
[PlyCount "67"]
[EventDate "2003.08.21"]

1.d4 d5 2.c4 c6 3.Nf3 e6 4.Nc3 Nf6 5.Bg5 Be7 6.e3 O-O 7.Bd3 dxc4 8.Bxc4 b5
9.Bd3 b4 10.Na4 Nbd7 11.Rc1 Bb7 12.O-O h6 13.Bxf6 Bxf6 14.Qc2 Rc8 15.Rfd1 
Qa5 16.Nc5 Nxc5 17.Qxc5 Qxc5 18.Rxc5 Be7 19.Rc2 f6 20.Rdc1 Rfd8 21.Bc4 Kf7
22.Bb3 g5 23.Nd2 h5 24.Ne4 f5 25.Nc5 Bxc5 26.Rxc5 Kf6 27.R1c4 Ba6 28.Rxb4 
Bb5 29.Bc4 Bxc4 30.Rbxc4 Rd6 31.b4 Rb8 32.a3 Rb6 33.h3 Ra6 34.Rc3 1/2-1/2

[Event "XXIII Festival Conca della Presolana A"]
[Site "Bratto - Castione della Presolana ITA"]
[Date "2003.08.22"]
[Round "2"]
[White "Mantovani, Renzo"]
[Black "Bentivegna, Francesco"]
[Result "0-1"]
[WhiteElo "2375"]
[BlackElo "2165"]
[PlyCount "56"]
[EventDate "2003.08.21"]

1.e4 e5 2.Bc4 Nf6 3.Qe2 Nc6 4.Nf3 Bc5 5.Ng5 Nd4 6.Bxf7+ Kf8 7.Qc4 Qe7 8.b4
Bd6 9.Bb2 h6 10.Bxd4 hxg5 11.Be3 Qxf7 12.Qd3 Bxb4 13.Nc3 Bxc3 14.Qxc3 d6 
15.f3 g4 16.fxg4 Bxg4 17.h3 Kg8 18.O-O Be6 19.d3 Qd7 20.Rf3 Bxh3 21.gxh3 
Rxh3 22.Rxh3 Qxh3 23.Bf2 Ng4 24.Qb3+ Kh8 25.Bxa7 Qh2+ 26.Kf1 Rxa7 27.Ke1 
Qg1+ 28.Kd2 Qxa1 0-1

[Event "XXIII Festival Conca della Presolana A"]
[Site "Bratto - Castione della Presolana ITA"]
[Date "2003.08.22"]
[Round "2"]
[White "Marta, Daniele"]
[Black "Astengo, Marcello"]
[Result "1/2-1/2"]
[WhiteElo "2118"]
[BlackElo "2070"]
[PlyCount "53"]
[EventDate "2003.08.21"]

1.d4 d5 2.c4 c6 3.Nf3 e6 4.Nc3 dxc4 5.a4 Bb4 6.e4 b5 7.Bd2 a5 8.g3 Nf6 9.
Qe2 Nbd7 10.Bg2 Ba6 11.O-O Bxc3 12.bxc3 b4 13.Rfd1 b3 14.Bg5 Qc8 15.d5 O-O
16.dxe6 fxe6 17.Rd6 e5 18.Bh3 Qc7 19.Rad1 Nc5 20.Nxe5 Nfxe4 21.Be6+ Kh8 
22.Qh5 Nxe6 23.Rxe6 Nxg5 24.Ng6+ Kg8 25.Ne7+ Kh8 26.Ng6+ Kg8 27.Ne7+ 
1/2-1/2

[Event "XXIII Festival Conca della Presolana A"]
[Site "Bratto - Castione della Presolana ITA"]
[Date "2003.08.22"]
[Round "2"]
[White "Mascheroni, Maurizio"]
[Black "Danieli, Enrico"]
[Result "1/2-1/2"]
[WhiteElo "2068"]
[BlackElo "2120"]
[PlyCount "45"]
[EventDate "2003.08.21"]

1.e4 d5 2.exd5 Nf6 3.Nc3 Nxd5 4.Nxd5 Qxd5 5.Nf3 Bg4 6.Be2 Nc6 7.d3 e6 8.h3
Bh5 9.Bf4 Bd6 10.Bxd6 cxd6 11.O-O O-O 12.a3 a5 13.Qd2 b5 14.c3 h6 15.Rad1 
Rfb8 16.d4 Qb3 17.d5 Bxf3 18.Bxf3 Ne5 19.dxe6 Nxf3+ 20.gxf3 Qxe6 21.Qxd6 
Qxh3 22.Qg3 Qf5 23.Rd6 1/2-1/2

[Event "XXIII Festival Conca della Presolana A"]
[Site "Bratto - Castione della Presolana ITA"]
[Date "2003.08.22"]
[Round "2"]
[White "Mauro, Alan"]
[Black "Drabke, Lorenz Maximilian"]
[Result "0-1"]
[WhiteElo "2222"]
[BlackElo "2448"]
[PlyCount "88"]
[EventDate "2003.08.21"]

1.e4 c5 2.Nf3 e6 3.d4 cxd4 4.Nxd4 a6 5.Bd3 Qb6 6.Nb3 Qc7 7.Nc3 b5 8.O-O 
Bb7 9.Be3 Nf6 10.Kh1 d6 11.a3 Be7 12.f4 O-O 13.Qf3 Nbd7 14.Qh3 e5 15.fxe5 
dxe5 16.Rf2 Rae8 17.Raf1 Qd6 18.Rf5 Kh8 19.g4 Qe6 20.g5 Nh5 21.R5f3 Qxh3 
22.Rxh3 Nf4 23.Bxf4 exf4 24.Rxf4 Bxg5 25.Rf1 f5 26.Rhf3 g6 27.Kg1 Bf6 28.
Re3 fxe4 29.Be2 Bg5 30.Rxf8+ Rxf8 31.Rg3 Bf4 32.Rh3 Bc7 33.Nd1 Bb6+ 34.Kg2
e3+ 35.Kg1 Nf6 36.c3 Nd5 37.Nd4 Re8 38.Rf3 Kg7 39.Rg3 Nf4 40.Kf1 Bxd4 41.
cxd4 Rf8 42.Ke1 Ng2+ 43.Rxg2 Bxg2 44.Nxe3 Bf3 0-1

[Event "XXIII Festival Conca della Presolana A"]
[Site "Bratto - Castione della Presolana ITA"]
[Date "2003.08.22"]
[Round "2"]
[White "Mazzariol, Oscar"]
[Black "Qendro, Llambi"]
[Result "0-1"]
[WhiteElo "2049"]
[BlackElo "2370"]
[PlyCount "96"]
[EventDate "2003.08.21"]

1.d4 g6 2.Nf3 Bg7 3.c4 d6 4.Nc3 Bg4 5.e3 Nf6 6.Bd3 O-O 7.h3 Bxf3 8.Qxf3 
Nc6 9.Ne4 e5 10.d5 Nxe4 11.Bxe4 Na5 12.Bd3 c6 13.e4 b5 14.Qe2 bxc4 15.Bxc4
Nxc4 16.Qxc4 Qa5+ 17.Bd2 cxd5 18.Bxa5 dxc4 19.O-O-O f5 20.exf5 Rxf5 21.f3 
e4 22.Bc3 Bxc3 23.fxe4 Rf2 24.bxc3 Rxa2 25.Kb1 Ra6 26.Rd2 Kf7 27.Rhd1 Ke6 
28.Rb2 Rb6 29.Rd4 Rf8 30.Rxc4 Rxb2+ 31.Kxb2 Rf2+ 32.Kb3 Rxg2 33.Rc7 h5 34.
Rxa7 Rg3 35.Rg7 g5 36.Kc4 Kf6 37.Rd7 Ke5 38.Re7+ Kf4 39.h4 gxh4 40.Kd4 h3 
41.Rf7+ Kg4 42.Rf2 Rf3 43.Rd2 Kg3 44.Rd1 h2 45.c4 Kg2 46.Kd5 h1=Q 47.Rxh1 
Kxh1 48.Kxd6 Rd3+ 0-1

[Event "XXIII Festival Conca della Presolana A"]
[Site "Bratto - Castione della Presolana ITA"]
[Date "2003.08.22"]
[Round "2"]
[White "Muscolino, Attilio"]
[Black "Cardelli, Gabriele"]
[Result "0-1"]
[WhiteElo "2155"]
[BlackElo "1927"]
[PlyCount "58"]
[EventDate "2003.08.21"]

1.e4 d5 2.exd5 Qxd5 3.Nc3 Qa5 4.d4 Nf6 5.Nf3 Bg4 6.h3 Bh5 7.Bd2 c6 8.Bc4 
Qc7 9.Qe2 e6 10.g4 Bg6 11.Ne5 Nbd7 12.h4 Nxe5 13.dxe5 Nd7 14.f4 h5 15.f5 
exf5 16.e6 Qg3+ 17.Kd1 O-O-O 18.exd7+ Rxd7 19.gxf5 Bxf5 20.Qh2 Qg4+ 21.Be2
Qd4 22.Bf3 Bb4 23.Kc1 Rhd8 24.Rd1 Bxc3 25.bxc3 Qa4 26.Kb2 Qxc2+ 27.Ka3 
Rxd2 28.Qe5 Qb2+ 29.Ka4 Bc2+ 0-1